000 00481nam a2200181Ia 4500
005 20240823050614.0
008 240823s9999||||xx |||||||||||||| ||und||
041 _aENGLISH
082 _A005.785 P2
100 _aManonmaniam Sundaranar University
245 0 _aOracle Database Administration 3.3
250 _a1st
260 _c2002
_bManonmaniyam Sundaranar University Thrune
500 _aYES
650 _aOracle
_bInformation Technology
942 _cBK
999 _c217642
_d217642